| 000 | 00000nam 2200000zi 4500 |
| 001 | 9.948976 |
| 003 | CaOODSP |
| 005 | 20250821150506 |
| 006 | m o d f |
| 007 | cr mn||||||||| |
| 008 | 250310e20250315onc o f000 0 eng d |
| 020 | |a9780660763309 |
| 040 | |aCaOODSP|beng|erda|cCaOODSP |
| 043 | |an-cn--- |
| 086 | 1 |aNR24-129/2025E-PDF |
| 100 | 1 |aKinateder, Max T., |eauthor. |
| 245 | 10|aConsultation on single egress in residential buildings / |cauthors, Max Kinateder, Noureddine Bénichou, Maxine Berthiaume, Vanessa Jubinville, Ahmed Kashef. |
| 264 | 1|a[Ottawa] : |bNational Research Council Canada = Conseil national de recherches Canada, |cMarch 15, 2025. |
| 264 | 4|c©2025 |
| 300 | |a1 online resource (29 pages) |
| 336 | |atext|btxt|2rdacontent |
| 337 | |acomputer|bc|2rdamedia |
| 338 | |aonline resource|bcr|2rdacarrier |
| 500 | |aIssued also in French under title: Consultation sur les immeubles résidentiels avec une seule sortie. |
| 500 | |a"Construction Research Centre." |
| 520 | |a"This report provides a summary of a targeted consultation organized by the National Research Council (NRC) on the topic of single egress construction in residential occupancies. The consultation was conducted with a consultation group (CG) formed from stakeholders, representing the fire safety value-chain, through a series of meetings. The CG was divided into two subgroups with provincial and territorial (P/T) representatives in one subgroup and design professionals, industry and the fire services in the other. In addition, observers were permitted to attend the meetings and to also provide input. The CG shared their knowledge and experience on the topic of single egress in residential occupancies, provided feedback, guidance and validation on the following issues: 1. Scope for a subsequent research work and case studies (P/Ts subgroup members only); 2. Potential building designs ("archetypes") for the research work; 3. Approach and methods to guide the research; 4. Strategies to evaluate hazards and associated risks for single egress in residential occupancies. …"-- Executive summary, page 3. |
| 650 | 0|aDwellings|zCanada|xDesign and construction. |
| 650 | 0|aDwellings|xFires and fire prevention|zCanada. |
| 650 | 0|aBuildings|xEvacuation|zCanada. |
| 650 | 0|aBuilding laws|zCanada. |
| 710 | 2 |aNational Research Council Canada, |eissuing body. |
| 775 | 08|tConsultation sur les immeubles résidentiels avec une seule sortie / |w(CaOODSP)9.948977 |
| 856 | 40|qPDF|s755 KB|uhttps://publications.gc.ca/collections/collection_2025/cnrc-nrc/NR24-129-2025-eng.pdf |